000 00551cam a22002291 4500
001 sa 68009513
003 DLC
005 20260227112543.0
008 890613s1968 ii 000 0 hino
010 _asa 68009513
035 _a(OCoLC)19863769
040 _aDLC
_cWaU
_dDLC
042 _apremarc
050 0 0 _aPK1931
_b.S196
100 1 _aŚarmā, Haricaraṇa.
245 1 0 _aSāhitya darśana.
260 _c[1968]
300 _a4, 253 p.
_c18 cm.
500 _aIn Hindi.
650 0 _aHindi philology.
700 1 _aSiṃha, Jagatapāla.
999 _c82951
_d82951